[Event "St Petersburg Korchnoi Memorial op"]
[Site "St Petersburg"]
[Date "2023.08.18"]
[Round "1"]
[White "Plonskiy, Danila"]
[Black "Cherepov, Alexej"]
[Result "0-1"]
[WhiteElo "1589"]
[BlackElo "2102"]
[PlyCount "118"]
[EventDate "2023.08.18"]
[EventType "swiss"]
[EventRounds "9"]
[EventCountry "RUS"]
[SourceTitle "EXT 2024"]
[Source "ChessBase"]
[SourceDate "2023.10.10"]
[SourceVersion "1"]
[SourceVersionDate "2023.10.10"]
[SourceQuality "1"]

1. c4 Nf6 2. b3 e6 3. Bb2 d5 4. cxd5 exd5 5. Nf3 c5 6. e3 Nc6 7. d3 d4 8. Be2 Bd6 9. 0-0 dxe3 10. fxe3 0-0 11. Qd2 Re8 12. Na3 Nd5 13. Nc4 Nxe3 14. Nxd6 Qxd6 15. Rfe1 Bf5 16. Rac1 Nd4 17. Nxd4 cxd4 18. Bf3 Qb6 19. Be4 Bxe4 20. dxe4 Rad8 21. h3 h6 22. Bc3 Nxg2 23. Kxg2 Qg6+ 24. Kh1 dxc3 25. Qxc3 Re6 26. Re3 Rc6 27. Qe1 Rdc8 28. Rxc6 Qxc6 29. Kg2 Re8 30. Kh2 Qd6+ 31. e5 Qe6 32. Qa5 a6 33. Qc7 b5 34. a3 Qf5 35. Qc6 Rc8 36. Qf3 Rc2+ 37. Kh1 Qxf3+ 38. Rxf3 Re2 39. Rc3 Rxe5 40. Rc8+ Kh7 41. Rc6 Re6 42. Rc7 Re3 43. Rc6 Rxh3+ 44. Kg2 Rxb3 45. Rxa6 h5 46. Rb6 Rxa3 47. Rxb5 Kg6 48. Kh2 f5 49. Rb7 h4 50. Kg2 Kf6 51. Kh2 g5 52. Rb5 g4 53. Kg2 Ra2+ 54. Kf1 h3 55. Kg1 Kg5 56. Kh1 g3 57. Rb1 f4 58. Rc1 Kg4 59. Rb1 h2 0-1